000 00679cam a2200217 a 4500
001 000017365
005 20200929165107.0
008 900530s1988 cu 001 f spa d
040 _aDO-SdBNP
_bspa
_dBNPHU
082 _aCu863.44
_bA469c
100 1 _aAltunaga, Eliseo,
_d1941-
_938024
245 1 0 _aCanto de gemido /
_cEliseo Altunaga ; edición Margarita Canet.
260 _aLa Habana, Cuba :
_bEditorial Letras Cubanas,
_c1988.
300 _a189 p. ;
_c18 cm.
490 1 _aEspiral
650 4 _aNovela cubana
_92316
650 4 _aNovela amorosa cubana
_938025
650 4 _aLiteratura cubana
_91483
700 1 _aCanet, Margarita,
_eed.
_938026
830 0 _aEspiral.
_914718
999 _c16890
_d16890